000 00340nab a22001097u 4500
008 130520b2011 xxu||||| |||| 00| 0 spa d
041 _aspa
100 1 _aMerdjanova, Ina
_984085
245 0 0 _aEl cristianismo ortodoxo en un mundo pluralista
_cIna Merdjanova
773 0 _tConcilium
_gnº339,2011,págs. 45-60
_x0210-1041
_wRev134
942 _cAR
999 _c415886
_d415886